Holiday Quiz

Random Holiday or Rock Quiz
Score 0/118 Timer 05:00
0 Plays Today
% Correct
[Chorus]
99.8%
bell,
98.7%
bell,
98.7%
bell
98.7%
bell,
98.7%
bell,
98.7%
bell
98.7%
bell
98.7%
Bell
98.7%
bell
98.7%
bell
98.7%
bell,
98.7%
bell,
98.7%
bell
98.7%
Jingle
97.9%
jingle
97.9%
jingle
97.9%
Jingle
97.9%
jingle
97.9%
jingle
97.9%
Jingle
97.9%
jingle
97.9%
jingle
97.9%
Jingle
97.9%
jingle
97.9%
Jingle
97.9%
Jingle
97.9%
jingle
97.9%
Jingle
97.9%
jingle
97.9%
jingle
97.9%
jingle
97.9%
jingle
97.9%
rock
96.8%
rock
96.8%
rock
96.8%
rock
96.8%
rock
96.8%
a
93.3%
a
93.3%
% Correct
a
93.3%
the
91.8%
the
91.8%
the
91.8%
the
91.8%
the
91.8%
the
91.8%
the
91.8%
the
91.8%
the
91.8%
the
91.8%
and
87.9%
and
87.9%
and
87.9%
and
87.9%
time
80.9%
time,
80.9%
time
80.9%
time
80.9%
time
80.9%
To
78.4%
To
78.4%
in
78.3%
in
78.3%
In
78.3%
in
78.3%
in
78.3%
night
74.3%
away
73.6%
sleigh
71.1%
horse
70.8%
horse,
70.8%
it's
70.7%
swell
70.6%
That's
69.1%
That's
69.1%
That's
69.1%
That's
69.1%
right
68.3%
go
67.9%
% Correct
-up
66.8%
bells
66.5%
bells
66.5%
bells
66.5%
up
65.2%
up
65.2%
around
64.6%
air
62.5%
ring
62.4%
one-
62.3%
is
62.2%
frosty
60.8%
your
60.3%
What
59.5%
swing
59.5%
clock
59.1%
Dancin'
57.7%
feet
57.7%
pick
57.1%
Giddy
55.8%
bright
54.4%
a-mingle
53.8%
Mix
53.7%
prancin'
53.4%
has
48.6%
begun
47.9%
Square
47.8%
of
46.1%
beat
45.7%
fun
44.3%
Now,
44.2%
chime
42.5%
hop
41.7%
Snowin'
40%
blowin'
39%
jinglin'
37.8%
bushels
35.3%
glidin'
27.5%
Remove Ads.
Support Sporcle.
Get the best of Sporcle when you Go Orange. This ad-free experience offers more features, more stats, and more fun while also helping to support Sporcle. Thank you for becoming a member.

You're not logged in!

Compare scores with friends on all Sporcle quizzes.
OR
Log In

Sporcle TV

Today on Sporcle TV


Watch our educational content, quiz creation guides, and fun videos on Sporcle TV.

Show Comments

Extras

Top Quizzes Today


Score Distribution

Paid Content

Your Account Isn't Verified!

In order to create a playlist on Sporcle, you need to verify the email address you used during registration. Go to your Sporcle Settings to finish the process.

Report this User

Report this user for behavior that violates our Community Guidelines.

Details: